000 00528nam a2200193Ia 4500
008 220204s9999 xx 000 0 und d
082 _aNR:63:58
_bDIJ;4
100 _aDijkman, M J
245 0 _aHevea: Thirty years of research in the far east
260 _aFlorida
_bUniv of Miami Press
_c1951
650 _aClonal selection
650 _aHevea history
650 _aMother tree selection
650 _aplanting density
650 _aRubber diseases
650 _aRubber fertilizers
650 _aTapping
942 _cBK
999 _c19468
_d19468